000 01361nam a2200313 a 4500
001 000111509
003 CHAP
005 20220329144215.0
008 150513s2014 it |r| ||||||eng d
010 _a107971
011 _a108943
020 _a9789250081960
040 _cCHAP
082 0 4 _a639.2
_bF46t v.1064
110 0 0 _aFAO. Comité de Pesca
_939491
245 1 0 _aReport of the session of the Sub-committee on aquaculture (7o) :
_bSt Petersburg, Russian Federation, 7-11 October 2013 =Rapport de la session du Sous-comité de L'aquaculture (7o): Saint-Pétersbourg, Fédération de Russie, 7-11 octobre 2013 =Informe de la reunión del Subcomité del Subcomité del Acuicultura (7o.): San Petersburgo, Federación de Rusia, 7-11 de octubre de 2013 /
_cpor FAO. Comité de Pesca.
246 1 0 _aInforme de la reunión del Subcomité de Acuicultura (7o.): San Petersburgo, Federación de Rusia, 7-11 de octubre de 2013
260 _aRoma :
_bFAO,
_c2014.
300 _aix., 53 p.
490 1 _aFAO. Informe de pesca y acuicultura
500 _aEdición trilingüe (francés, inglés, español)
590 _aE5995AHE
_b05
_c20150513
_lUCH01
_h1439
650 1 4 _aAcuicultura
_9758
650 1 4 _aIndustria del pescado.
_957809
830 1 0 _aFAO. Informe de pesca y acuicultura
_v; 1064
_939588
901 _aBK
942 _cLIBRO
942 _n0
999 _c107971
_d107971